000 01400nam a2200337Ia 4500
001 ebr10419278
003 CaPaEBR
006 m u
007 cr cn|||||||||
008 100407s2010 cau sb 001 0 eng d
010 _z 2010014180
020 _z9780470526521 (hardback)
040 _aCaPaEBR
_cCaPaEBR
035 _a(OCoLC)665195763
050 1 4 _aHD58.82
_b.S59 2010eb
082 0 4 _a658.3/124
_222
100 1 _aWick, Calhoun W.
245 1 4 _aThe six disciplines of breakthrough learning
_h[electronic resource] :
_bhow to turn training and development into business results /
_cCalhoun Wick, Roy Pollock, Andrew Jefferson; foreword by Al Switzler; afterword by Jim Kouzes and Barry Posner.
250 _a2nd ed.
260 _aSan Francisco :
_bPfeiffer,
_c2010.
300 _axv, 360 p.
504 _aIncludes bibliographical references and index.
533 _aElectronic reproduction.
_bPalo Alto, Calif. :
_cebrary,
_d2010.
_nAvailable via World Wide Web.
_nAccess may be limited to ebrary affiliated libraries.
650 0 _aOrganizational learning.
650 0 _aEmployees
_xTraining of.
655 7 _aElectronic books.
_2local
700 1 _aPollock, Roy V. H.
700 1 _aJefferson, Andrew McK.
710 2 _aebrary, Inc.
856 4 0 _uhttp://site.ebrary.com/lib/rucke/Doc?id=10419278
_zAn electronic book accessible through the World Wide Web; click to view
999 _c186595
_d186595